Punny Penmen and Publications Quiz Stats

 Plays Quiz Updated Oct 2, 2016

Challenge
Share
Tweet
Embed
Score 0/20 Timer 08:00
3 Plays Today
% Correct
by Kitty Litter
95.9%
by Forrest Hunter
94.5%
by Rose Petal and Mary Gold
94.3%
by U. Ken Duit
94.2%
by Seymour Rivers
94.1%
by Moe Hito
93.9%
by Ruby Lipps
93.8%
by Justin Tyme
93.6%
by Parker Carr
92.9%
by Ted E. Bear
92.7%
% Correct
by Hal I. Tosis
92.7%
by M. Balm
92.3%
by Cole Minor
91.6%
by Auntie Dote
90.7%
by Al Dente
90.1%
by Ben E. Volent
89.4%
by C. Quinn
88.7%
by Belle Bottom
88.4%
by Bette Itall
85.1%
by Rob N. Segg
79.4%

You're not logged in!

Compare scores with friends on all Sporcle quizzes.
Join for Free
OR
Log In

You Might Also Like...

Show Comments

Extras

Top Quizzes Today


Score Distribution

Your Account Isn't Verified!

In order to create a playlist on Sporcle, you need to verify the email address you used during registration. Go to your Sporcle Settings to finish the process.

Report this User

Report this user for behavior that violates our Community Guidelines.

Details: